Entry Personal Name
Number of records used in: 2
001 - CONTROL NUMBER
003 - CONTROL NUMBER IDENTIFIER
005 - DATE AND TIME OF LATEST TRANSACTION
- control field:
20200608151126.0
008 - FIXED-LENGTH DATA ELEMENTS
- fixed length control field:
200608|| aca||aabn | a|a d
040 ## - CATALOGING SOURCE
- Original cataloging agency:
OSt
- Transcribing agency:
OSt
100 ## - HEADING--PERSONAL NAME
- Personal name:
MISRA, SURYA NARAYAN
670 ## - SOURCE DATA FOUND
- Source citation:
Work cat.: (OSt): MISRA, SURYA NARAYAN, THE INDIAN PENAL CODE (ACT . NO 45 OF 1860) : with the criminal law act, 2018 (No. 22 of 2018)